000 00810nam a2200265Ia 4500
003 OSt
005 20220918170702.0
006 a|||||r|||| 00| 0
007 ta
008 220917b |||||||| |||| 00| 0 eng d
020 _a9780415555487 (hbk)
_c5347.5
024 _a242,363
037 _b1556, 02/07/2010, Channel Publications
_cTextual
040 _aARTS
_cARTS
_beng
041 _2eng
_aeng
082 _aW6, Q0
100 _aBurgess Michael Ed.
_930324
245 0 _aFederal democracies
260 _aLondon
_bRoutedge UK
_c2010
300 _axiv, 353p.
_ccm.
650 _aPOLITICAL SCIENCE
700 _a Gagnon Alain - G. Ed.
_930325
942 _hW6, Q0
_cTEXL
_2CC
999 _c135119
_d135119